Особенности перемещения и испарения капель воды в контактных водонагревателях; Теплоэнергетика; № 9
| Parent link: | Теплоэнергетика.— , 1954- № 9.— 2016.— [С. 68-75] |
|---|---|
| Autor principal: | |
| Autores corporativos: | , , |
| Outros Autores: | , |
| Resumo: | Заглавие с экрана Режим доступа: по договору с организацией-держателем ресурса |
| Idioma: | russo |
| Publicado em: |
2016
|
| Assuntos: | |
| Acesso em linha: | http://dx.doi.org/10.1134/S0040363616090071 |
| Formato: | Recurso Eletrônico Capítulo de Livro |
| KOHA link: | https://koha.lib.tpu.ru/cgi-bin/koha/opac-detail.pl?biblionumber=654183 |
MARC
| LEADER | 00000naa0a2200000 4500 | ||
|---|---|---|---|
| 001 | 654183 | ||
| 005 | 20250311134921.0 | ||
| 035 | |a (RuTPU)RU\TPU\network\19710 | ||
| 090 | |a 654183 | ||
| 100 | |a 20170413d2016 k||y0rusy50 ca | ||
| 101 | 0 | |a rus | |
| 102 | |a RU | ||
| 135 | |a drcn ---uucaa | ||
| 181 | 0 | |a i | |
| 182 | 0 | |a b | |
| 200 | 1 | |a Особенности перемещения и испарения капель воды в контактных водонагревателях |d Movement and evaporation of water droplets under conditions typical for heat-exchange chambers of contact water heaters |f Р. С. Волков, Г. В. Кузнецов, П. А. Стрижак | |
| 203 | |a Текст |c электронный | ||
| 300 | |a Заглавие с экрана | ||
| 320 | |a [Библиогр.: 30 назв.] | ||
| 333 | |a Режим доступа: по договору с организацией-держателем ресурса | ||
| 461 | |t Теплоэнергетика |d 1954- | ||
| 463 | |t № 9 |v [С. 68-75] |d 2016 | ||
| 510 | 1 | |a Movement and evaporation of water droplets under conditions typical for heat-exchange chambers of contact water heaters |z eng | |
| 610 | 1 | |a электронный ресурс | |
| 610 | 1 | |a труды учёных ТПУ | |
| 610 | 1 | |a капли | |
| 610 | 1 | |a воды | |
| 610 | 1 | |a контактные водонагреватели | |
| 700 | 1 | |a Волков |b Р. С. |c специалист в области теплоэнергетики |c доцент Томского политехнического университета, кандидат технических наук |f 1987- |g Роман Сергеевич |3 (RuTPU)RU\TPU\pers\32850 |9 16698 | |
| 701 | 1 | |a Кузнецов |b Г. В. |c специалист в области теплоэнергетики |c профессор Томского политехнического университета, доктор физико-математических наук |f 1949- |g Гений Владимирович |3 (RuTPU)RU\TPU\pers\25528 |9 11458 | |
| 701 | 1 | |a Стрижак |b П. А. |c специалист в области теплоэнергетики |c профессор Томского политехнического университета, доктор физико-математических наук |f 1985- |g Павел Александрович |3 (RuTPU)RU\TPU\pers\25983 |9 11832 | |
| 712 | 0 | 2 | |a Национальный исследовательский Томский политехнический университет (ТПУ) |b Энергетический институт (ЭНИН) |b Кафедра автоматизации теплоэнергетических процессов (АТП) |3 (RuTPU)RU\TPU\col\18678 |
| 712 | 0 | 2 | |a Национальный исследовательский Томский политехнический университет (ТПУ) |b Энергетический институт (ЭНИН) |b Кафедра теоретической и промышленной теплотехники (ТПТ) |3 (RuTPU)RU\TPU\col\18679 |
| 712 | 0 | 2 | |a Национальный исследовательский Томский политехнический университет (ТПУ) |b Энергетический институт (ЭНИН) |b Лаборатория моделирования процессов тепломассопереноса (ЛМПТ) |3 (RuTPU)RU\TPU\col\19906 |
| 801 | 2 | |a RU |b 63413507 |c 20170413 |g RCR | |
| 856 | 4 | |u http://dx.doi.org/10.1134/S0040363616090071 | |
| 942 | |c CF | ||